LEADER 01432nam a2200313 i 4500 001 000000154811 003 CaOOAMICUS 005 20061108000000.0 008 061108s2006 it u000 u ita u 013 $a132160 020 $a88-8272-228-9 040 $aSeMil$bita 100 0 $aBenedictus XVI,$c.$0(OLS)http://semarc/name/298 245 10$aChi crede non č mai solo :$bviaggio in Baviera : tutte le parole del Papa /$cBenedetto 16. 260 $aCittā del Vaticano :$bLibreria Editrice Vaticana,$ccopyr. 2006. 260 $aSiena :$bCantagalli,$ccopyr. 2006. 300 $a134 p. ;$c21 cm + [1] c. di Errata Corrige [p. 15]. 650 4$aBenedetto XVI - Scritti e discorsi.$0(OLS)http://semarc/subject/2709 850 $aSeMil 852 $aSeMil$W1$xVenegono$y1$m2A I 39$j106667$B106667$CSeMilBibl$Z2$F115869 $81 900 1 $aRatzinger, Joseph,$d<1927-2022>. 900 0 $aBenedetto XVI$c. 961 $aAcquisto: Messaggero 996 $6020$a88-8272-228-9$9(OLS)http://semarc/number/144785 996 $6245$aChi crede non č mai solo :$bviaggio in Baviera : tutte le parole del Papa$9(OLS)http://semarc/title/226643 996 $6260$aSiena :$bCantagalli$9(OLS)http://semarc/publisher/29767 996 $6260$aCittā del Vaticano :$bLibreria Editrice Vaticana$9(OLS)http://semarc/publisher/29734 LEADER 01139nam a2200265 i 4500 001 000000084037 003 CaOOAMICUS 005 20140116000000.0 008 140116s2003 gw u000 u ger u 013 $a56277 020 $a3-451-02201-X 040 $aSeMil$bita 245 14$aDer Gott Israels im Zeugnis des Neuen Testaments /$cherausgegeben von Ulrich Busse. 260 $aFreiburg ; Basel ; Wien :$bHerder,$c2003. 300 $a223 p. ;$c22 cm. 490 0 $aQuaestiones disputatae ;$v201 650 4$aDio - Concezione biblica.$0(OLS)http://semarc/subject/11629 700 1 $aBusse, Ulrich,$d<1943- >.$0(OLS)http://semarc/name/16972 830 0$aQuaestiones disputatae ;$v201.$0(OLS)http://semarc/title/436628 850 $aSeMil 852 $aSeMil$W1$xVenegono$y1$m2M I 553$j48487$B48487$CSeMilBibl$Z2$F51636 $81 961 $aSottoscrizione: Herder 996 $6020$a3-451-02201-X$9(OLS)http://semarc/number/64705 996 $6245$aDer Gott Israels im Zeugnis des Neuen Testaments$9(OLS)http://semarc/title/130927 996 $6260$aFreiburg ; Basel ; Wien :$bHerder$9(OLS)http://semarc/publisher/29643